000 00255nam a2200097Ia 4500
008 220204s9999 xx 000 0 und d
082 _a34(035)
_bAIR
245 0 _aAIR Manual: Unrepealed central acts. 22 V [v 18]
260 _aBombay
_bAIR
_c1946
942 _cBK
999 _c21626
_d21626